Code of practice on safety and health in the iron and steel industry
| Formato: | eBook |
|---|---|
| Lenguaje: | inglés |
| Publicado: |
Geneva :
International Labour Organization, represented by the International Labour Office (ILO),
2005
|
MARC
| LEADER | 00000nam a22000007a 4500 | ||
|---|---|---|---|
| 005 | 20130611171838.0 | ||
| 007 | cr|||| |||| | ||
| 008 | 130611e2005 sz |||||s|||| 00||0 eng d | ||
| 035 | |a 11273 | ||
| 040 | |a vLex | ||
| 245 | 1 | 0 | |a Code of practice on safety and health in the iron and steel industry |h [Recurso electrn̤ico] |
| 256 | |a Servicio en ln̕ea | ||
| 260 | |a Geneva : |b International Labour Organization, represented by the International Labour Office (ILO), |c 2005 | ||
| 300 | |a 1 Recurso electrn̤ico | ||
| 999 | 0 | |a Labor laws and legislation | |